[Event "EJCOA IM 4th"]
[Site "Newcastle upon Tyne"]
[Date "2022.10.27"]
[Round "7.1"]
[White "Mannion, Stephen R"]
[Black "Wadsworth, Matthew J"]
[Result "0-1"]
[WhiteElo "2237"]
[BlackElo "2467"]
[PlyCount "78"]
[EventDate "2022.10.24"]
[EventType "tourn"]
[EventRounds "9"]
[EventCountry "ENG"]

1. e4 e6 2. d4 d5 3. Nd2 Be7 4. Ngf3 Nf6 5. Bd3 Nfd7 6. e5 c5 7. c3 b6 8. O-O
Ba6 9. Bxa6 Nxa6 10. Qe2 Nab8 11. Rd1 Nc6 12. Nf1 c4 13. Ng3 h5 14. Ne1 g6 15.
f4 b5 16. a3 Na5 17. Be3 Nb3 18. Rab1 a5 19. Nf3 b4 20. axb4 axb4 21. Nd2 Nxd2
22. Qxd2 b3 23. Nh1 Nb6 24. Nf2 Kd7 25. Nh3 Ra2 26. Qe1 Na4 27. Bc1 Qa5 28. Ng5
Rf8 29. h3 Kc6 30. Kh1 Kb5 31. Kg1 Ba3 32. Rd2 Nxc3 33. bxc3 Qxc3 34. Nf3 Rxd2
35. Bxa3 Ra8 36. Bb2 Rxb2 37. Qxc3 Rxb1+ 38. Kh2 Ra2 39. Ne1 Rd1 0-1

[Event "EJCOA IM 4th"]
[Site "Newcastle upon Tyne"]
[Date "2022.10.27"]
[Round "7.2"]
[White "Wall, Tim P"]
[Black "Hollan, Martin"]
[Result "1/2-1/2"]
[WhiteElo "2290"]
[BlackElo "2350"]
[PlyCount "31"]
[EventDate "2022.10.24"]
[EventType "tourn"]
[EventRounds "9"]
[EventCountry "ENG"]

1. d4 Nf6 2. Nc3 d5 3. Bf4 c5 4. e4 cxd4 5. Qxd4 Nc6 6. Bb5 Bd7 7. Bxc6 Bxc6 8.
e5 Nd7 9. e6 fxe6 10. Nf3 Qb6 11. Qd2 d4 12. Qxd4 Qxd4 13. Nxd4 e5 14. Nxc6
exf4 15. Nd4 e5 16. Ndb5 1/2-1/2

[Event "EJCOA IM 4th"]
[Site "Newcastle upon Tyne"]
[Date "2022.10.27"]
[Round "7.4"]
[White "Barry, Colm"]
[Black "Wall, Gavin"]
[Result "1/2-1/2"]
[WhiteElo "2234"]
[BlackElo "2300"]
[PlyCount "24"]
[EventDate "2022.10.24"]
[EventType "tourn"]
[EventRounds "9"]
[EventCountry "ENG"]

1. e4 e5 2. Nf3 d6 3. d4 exd4 4. Nxd4 Nf6 5. Nc3 Be7 6. Be2 O-O 7. O-O c5 8.
Nb3 a6 9. Bf4 b5 10. e5 dxe5 11. Qxd8 Rxd8 12. Bxe5 Nbd7 1/2-1/2

[Event "EJCOA IM 4th"]
[Site "Newcastle upon Tyne"]
[Date "2022.10.27"]
[Round "7.5"]
[White "Willow, Jonah B"]
[Black "Berry, Neil"]
[Result "1-0"]
[WhiteElo "2395"]
[BlackElo "2240"]
[PlyCount "79"]
[EventDate "2022.10.24"]
[EventType "tourn"]
[EventRounds "9"]
[EventCountry "ENG"]

1. Nc3 Nf6 2. e4 e5 3. Nf3 Nc6 4. Bb5 Nd4 5. Ba4 c6 6. Nxe5 d6 7. Nf3 Bg4 8. d3
Bh5 9. Rg1 b5 10. Nxd4 Bxd1 11. Nxc6 Qc8 12. Bxb5 Nd7 13. Kxd1 Qb7 14. Be3 Be7
15. e5 a6 16. Ba4 Bd8 17. Ne4 O-O 18. Nxd6 Qxb2 19. Bd4 Qa3 20. Bb3 Nxe5 21.
Bxe5 Qc5 22. Ba4 Qxf2 23. Bd4 Qf4 24. Ne4 f5 25. Nd2 Bf6 26. Nf3 Bxd4 27. Ncxd4
Qd6 28. Re1 Kh8 29. Rb1 Rab8 30. Rxb8 Rxb8 31. Bb3 g6 32. Re6 Qf4 33. g3 Qg4
34. Kd2 Rd8 35. Kc3 Rc8+ 36. Bc4 Qh3 37. Re7 Qh5 38. Ne5 Rb8 39. Ndf3 f4 40. g4
1-0

[Event "EJCOA IM 4th"]
[Site "Newcastle upon Tyne"]
[Date "2022.10.27"]
[Round "8.1"]
[White "Wadsworth, Matthew J"]
[Black "Berry, Neil"]
[Result "1/2-1/2"]
[WhiteElo "2467"]
[BlackElo "2240"]
[PlyCount "55"]
[EventDate "2022.10.24"]
[EventType "tourn"]
[EventRounds "9"]
[EventCountry "ENG"]

1. Nf3 d5 2. g3 Nf6 3. Bg2 e6 4. O-O Be7 5. c4 d4 6. e3 Nc6 7. exd4 Nxd4 8. Nc3
O-O 9. d3 Nxf3+ 10. Bxf3 e5 11. Re1 Bd6 12. d4 exd4 13. Qxd4 c6 14. Bg5 Be7 15.
Qe3 Be6 16. Rad1 Qb6 17. Ne4 Qxe3 18. Rxe3 Bxc4 19. Nxf6+ Bxf6 20. Bxf6 gxf6
21. Re7 Rab8 22. Rdd7 Bxa2 23. Rxb7 Rxb7 24. Rxb7 Bd5 25. Bxd5 cxd5 26. Rxa7
Rb8 27. Ra2 Rb3 28. Ra5 1/2-1/2

[Event "EJCOA IM 4th"]
[Site "Newcastle upon Tyne"]
[Date "2022.10.27"]
[Round "8.2"]
[White "Wall, Gavin"]
[Black "Willow, Jonah B"]
[Result "0-1"]
[WhiteElo "2300"]
[BlackElo "2395"]
[PlyCount "64"]
[EventDate "2022.10.24"]
[EventType "tourn"]
[EventRounds "9"]
[EventCountry "ENG"]

1. e4 c5 2. Nf3 e6 3. b3 b6 4. Bb2 Bb7 5. Nc3 Nc6 6. g3 Nf6 7. Bg2 e5 8. Nd5
Bd6 9. Nh4 Nxd5 10. Nf5 Qf6 11. Nxd6+ Qxd6 12. exd5 Nd4 13. c4 O-O 14. O-O f5
15. d3 f4 16. Bxd4 cxd4 17. Qg4 Rf7 18. Rae1 Raf8 19. Re4 Qc7 20. Bh3 d6 21. b4
b5 22. Qg5 h6 23. Qh5 fxg3 24. hxg3 bxc4 25. Be6 cxd3 26. Rg4 Bc8 27. Qxh6 Bxe6
28. Qxe6 Qc8 29. f4 Qxe6 30. dxe6 Rf6 31. Rd1 e4 32. f5 d5 0-1

[Event "EJCOA IM 4th"]
[Site "Newcastle upon Tyne"]
[Date "2022.10.27"]
[Round "8.3"]
[White "Makkar, Rajat"]
[Black "Barry, Colm"]
[Result "1-0"]
[WhiteElo "2399"]
[BlackElo "2234"]
[PlyCount "87"]
[EventDate "2022.10.24"]
[EventType "tourn"]
[EventRounds "9"]
[EventCountry "ENG"]

1. Nf3 Nf6 2. c4 c6 3. Nc3 d5 4. e3 e6 5. b3 Nbd7 6. Bb2 Be7 7. d4 b6 8. Bd3
Bb7 9. O-O O-O 10. Rc1 dxc4 11. bxc4 c5 12. d5 exd5 13. cxd5 Nxd5 14. Nxd5 Bxd5
15. Bxh7+ Kxh7 16. Qxd5 Bf6 17. Qf5+ Kg8 18. Bxf6 Nxf6 19. e4 Qc8 20. Qf4 Qg4
21. Qxg4 Nxg4 22. e5 Nh6 23. h3 Nf5 24. g4 Ne7 25. Ng5 Nc6 26. f4 Rfe8 27. Kg2
Rad8 28. Nf3 Nb4 29. Kg3 Nd3 30. Rc2 b5 31. h4 c4 32. h5 f6 33. Re2 fxe5 34.
fxe5 Re6 35. Rd1 Rf8 36. Re3 b4 37. Re4 a5 38. g5 g6 39. hxg6 Kg7 40. Rh1 c3
41. Rh7+ Kxg6 42. Rc7 Rf5 43. Nh4+ Kxg5 44. Rg4+ 1-0

[Event "EJCOA IM 4th"]
[Site "Newcastle upon Tyne"]
[Date "2022.10.27"]
[Round "8.5"]
[White "Mannion, Stephen R"]
[Black "Wall, Tim P"]
[Result "1/2-1/2"]
[WhiteElo "2237"]
[BlackElo "2290"]
[PlyCount "37"]
[EventDate "2022.10.24"]
[EventType "tourn"]
[EventRounds "9"]
[EventCountry "ENG"]

1. e4 c5 2. Nf3 Nc6 3. d4 cxd4 4. Nxd4 g6 5. c4 Bg7 6. Be3 Qb6 7. Nb5 Qa5+ 8.
N5c3 Nf6 9. Nd2 O-O 10. Be2 d6 11. O-O Qd8 12. Rc1 b6 13. f4 Bb7 14. Bf3 Nd7
15. Nb3 a6 16. Qd2 Nc5 17. Rfd1 Rb8 18. Nd5 Ba8 19. Kh1 1/2-1/2

[Event "EJCOA IM 4th"]
[Site "Newcastle upon Tyne"]
[Date "2022.10.28"]
[Round "9.1"]
[White "Wall, Tim P"]
[Black "Wadsworth, Matthew J"]
[Result "0-1"]
[WhiteElo "2290"]
[BlackElo "2467"]
[PlyCount "56"]
[EventDate "2022.10.24"]
[EventType "tourn"]
[EventRounds "9"]
[EventCountry "ENG"]

1. d4 d5 2. Nc3 Nf6 3. Bf4 c6 4. e3 Bf5 5. f3 e6 6. g4 Bg6 7. h4 h5 8. g5 Ng8
9. Qd2 Bd6 10. Bxd6 Qxd6 11. Qh2 Qxh2 12. Rxh2 Nd7 13. O-O-O Ne7 14. e4 a6 15.
Bh3 b5 16. Re2 Nb6 17. Ree1 b4 18. Nb1 a5 19. Nd2 a4 20. Ne2 O-O 21. Nf4 Rfd8
22. Nf1 b3 23. Kb1 dxe4 24. fxe4 e5 25. Nxg6 Nxg6 26. c3 Nf4 27. Re3 Nc4 28.
Rf3 a3 0-1

[Event "EJCOA IM 4th"]
[Site "Newcastle upon Tyne"]
[Date "2022.10.28"]
[Round "9.3"]
[White "Barry, Colm"]
[Black "Hollan, Martin"]
[Result "1-0"]
[WhiteElo "2234"]
[BlackElo "2350"]
[PlyCount "115"]
[EventDate "2022.10.24"]
[EventType "tourn"]
[EventRounds "9"]
[EventCountry "ENG"]

1. e4 c5 2. Nf3 e6 3. Nc3 Nc6 4. Be2 d6 5. O-O Nf6 6. d4 cxd4 7. Nxd4 Be7 8.
Be3 O-O 9. f4 e5 10. fxe5 dxe5 11. Nf5 Bxf5 12. Rxf5 Qc7 13. Bd3 Nd8 14. Qf3
Bc5 15. Kh1 Bxe3 16. Qxe3 Nd7 17. Nd5 Qd6 18. Raf1 f6 19. Bc4 Kh8 20. Rh5 Nf7
21. Rhf5 Nh6 22. Rh5 Nb6 23. Nxb6 axb6 24. Rh3 b5 25. Bxb5 Rxa2 26. Qb3 Raa8
27. Rd3 Qb6 28. h3 f5 29. exf5 Nxf5 30. Rdf3 g6 31. g4 Ra5 32. Bc4 Qxb3 33.
cxb3 b5 34. gxf5 e4 35. Re3 bxc4 36. bxc4 Raxf5 37. Rfe1 Rf2 38. R1e2 R8f3 39.
Rxf2 Rxe3 40. Rc2 Rd3 41. Kg2 Kg7 42. c5 e3 43. Kf3 Kf6 44. c6 Rd2 45. Rxd2
exd2 46. Ke2 Ke6 47. b4 Kd6 48. b5 h6 49. Kxd2 Ke6 50. b6 Kd6 51. b7 Kc7 52.
Ke3 g5 53. Kf3 h5 54. Ke4 Kb8 55. Kf5 g4 56. hxg4 h4 57. Kf4 Kc7 58. g5 1-0

[Event "EJCOA IM 4th"]
[Site "Newcastle upon Tyne"]
[Date "2022.10.28"]
[Round "9.4"]
[White "Willow, Jonah B"]
[Black "Makkar, Rajat"]
[Result "0-1"]
[WhiteElo "2395"]
[BlackElo "2399"]
[PlyCount "90"]
[EventDate "2022.10.24"]
[EventType "tourn"]
[EventRounds "9"]
[EventCountry "ENG"]

1. e4 c5 2. Nf3 Nc6 3. d4 cxd4 4. Nxd4 Nf6 5. Nc3 h5 6. Bc4 e6 7. Ndb5 d6 8.
Bf4 e5 9. Bg5 a6 10. Bxf6 gxf6 11. Na3 Be6 12. O-O Rc8 13. Bd5 b5 14. Bxc6+
Rxc6 15. Nd5 Rc5 16. b4 Bxd5 17. exd5 Rc3 18. Nb1 Rc4 19. c3 f5 20. a4 Qg5 21.
axb5 Rg4 22. g3 h4 23. Qf3 hxg3 24. fxg3 axb5 25. Qd3 Rh5 26. Ra8+ Ke7 27. Nd2
Bh6 28. Ra2 Kf8 29. Nf3 Qe3+ 30. Qxe3 Bxe3+ 31. Kg2 f4 32. Nd2 f5 33. Rfa1 e4
34. Nf1 f3+ 35. Kh1 f4 36. Nxe3 fxe3 37. Ra8+ Ke7 38. R1a7+ Kf6 39. Re8 Rg6 40.
Re6+ Kg5 41. h4+ Kg4 42. Rxg6+ Kh3 43. Ra1 e2 44. Kg1 e3 45. Rf6 Rxd5 0-1

[Event "EJCOA IM 4th"]
[Site "Newcastle upon Tyne"]
[Date "2022.10.28"]
[Round "9.5"]
[White "Berry, Neil"]
[Black "Wall, Gavin"]
[Result "1/2-1/2"]
[WhiteElo "2240"]
[BlackElo "2300"]
[PlyCount "26"]
[EventDate "2022.10.24"]
[EventType "tourn"]
[EventRounds "9"]
[EventCountry "ENG"]

1. d4 f5 2. c4 Nf6 3. g3 g6 4. Bg2 Bg7 5. Nf3 O-O 6. Nc3 d6 7. O-O Qe8 8. b3 c6
9. Re1 Na6 10. e4 Nxe4 11. Nxe4 fxe4 12. Rxe4 Bf5 13. Re1 Qd7 1/2-1/2